| 000 | 01927 a2200325 4500 | ||
|---|---|---|---|
| 005 | 20140526142538.0 | ||
| 008 | 140523s2004 ag g q mlmul d | ||
| 040 |
_aCO-BoUCM _bspa _cOscar Anaya _dAldemar Mondragón |
||
| 041 | _aeng | ||
| 041 | _aspa | ||
| 092 | _aDVD 1438 | ||
| 245 | 0 | 0 |
_aDescubriendo el país de nunca jamás _cMarc Forster, director _h[DVD] |
| 246 | 1 | 3 | _aFinding neverland |
| 260 |
_bMiramax Films _c2004 _aBuenos Aires (Argentina) |
||
| 300 |
_a1 DVD, 101 minutos _bimagen, sonido, color |
||
| 500 | _aSINOPSIS: La película detalla las experiencias de "Peter Pan", el autor JM Barrie , que lo llevó a escribir el clásico infantil. Llegó a conocer a cuatro niños que no tienen padre. Memoria de su tiempo con los niños, una historia sobre los niños que no quieren crecer | ||
| 508 | _aCRÉDITOS: Dirigida por Marc Forster ; guion por David Magee ; producida por Tracey Becker ; música por Jan A.P. Kaczmarek ; fotografía por Roberto Schaefer ; diseño de producción por Gemma Jackson ; dirección de arte por Peter Russell ; ambientación por Trisha Edwards ; vestuario por Alexandra Byrne | ||
| 511 | 0 | _aREPARTO: Johnny Depp, Kate Winslet, Julie Christie, Radha Mitchell, Dustin Hoffman, Freddie Highmore, Joe Prospero, Nick Roud, Luke Spill, Ian Hart | |
| 546 | _aAudio en inglés y español. Subtítulos en español | ||
| 586 | _aGanadora de un premio Oscar de la Academia, 2005 (mejor música original) | ||
| 650 | 7 |
_957722 _aEscritores en el cine _vDVD |
|
| 650 | 7 |
_910774 _aCiencia ficción _vDVD |
|
| 690 |
_942805 _aEntretenimiento |
||
| 700 | 1 |
_aForster, Marc _edirector _961649 |
|
| 710 | 2 |
_aMiramax Films _951630 |
|
| 710 | 2 |
_aFilmColony _961650 |
|
| 765 | 0 | _tFinding neverland | |
| 856 | 4 | 0 |
_uhttps://www.youtube.com/watch?v=0v3XCUiwAhc _zSiga este enlace para ver el trailer _zTrailer tomado del canal LionsgateVOD vía YouTube.com |
| 942 |
_2LOCAL _a11 _cMULTIMEDIA _e1 |
||
| 999 |
_c242777 _d242777 |
||